00829nam a2200193 a 450000100100000000500170001000800410002704000250006810000330009324501370012626000910026330000240035449000300037870000330040870000430044183000290048495201050051399900170061800003912920240301125231.0130527s1980 dr 000 0 spa d aDO-SdBNPbspacBNPHU1 aOsorio López, Luisa96533210aPsicología comunitaria en dominicana :bprogramas estatales /cLuisa Osorio López, cristina Acosta Sosa, Dagoberto Tejada Ortiz. aSanto Domingo :bSecretaría de Estado de Salud Pública y Asistencia Social,c1980. a74 [4] p. ;c22 cm.1 aSESPASasalud y comunidad1 aAcosta Sosa, Cristina9653331 aTejada Ortiz, Dagoberto,d1940-933526 0asalud y comunidad965334 0010718PDaPDbPDcHDd2013-05-27iLF1l0o p39129-10r2020-06-25w2020-06-25yLFPDZNo se presta c38619d38619